Normal view
MARC view
- Dowley, Tim
Entry Nombre Personal
001 - NUMERO DE CONTROL
- campo de control: 34143
003 - IDENTIFICADOR DE NUMERO DE CONTROL
- campo de control: UPN
005 - FECHA Y HORA DE LA ÜLTIMA TRANSACCIÓN
- campo de control: 20210219194449.0
008 - DATOS DE LONGITUD FIJA
- campo de control de longitud fija: nabaccnnaabn|||||||||| b |nc|||||d
035 ## - NUMERO DE CONTROL
- Número de control: UPN11000006250
040 ## - FUENTE DE CATALOGACIÓN
- Lenguaje de catalogación: SPA
- Agencia de transcripción: UPN
100 1# - ENCABEZAMIENTO - NOMBRE PERSONAL
- Nombre personal: Dowley, Tim
670 ## - FUENTE EN LA QUE SE LOCALIZARON DATOS
- Cita de la fuente: T
- Uniform Resource Identifier: http://www.moodypublishers.com/pub_authorDetail.aspx?id=41798&aid=828
680 ## - NOTA PUBLICA DE ACCESO PÚBLICO
- Frase explicativa de la referencia: Escritor inglés, tiene una licenciatura en historia y un doctorado en historia de la iglesia, ambos de la Universidad de Manchester, Inglaterra.
902 ## - CATALOGADOR
- Catalogador: MITM/240913
